000 00390nam a2200157Ia 4500
003 Ost
005 20260225132542.0
008 260225s9999||||xx |||||||||||||| ||und||
040 _cfsic
041 _afre
082 _a440
100 _aAbed ellatif Benachenhou
_eAuteur
245 0 _aFormation du sous-developpement en Algerie /
245 0 _cAbed ellatif Benachenhou
942 _cكتاب
999 _c33578
_d33578